|
|
|
|
| LEADER |
00000nam0a2200000 4500 |
| 001 |
164990 |
| 005 |
20231031161609.0 |
| 035 |
|
|
|a (RuTPU)RU\TPU\book\178987
|
| 090 |
|
|
|a 164990
|
| 100 |
|
|
|a 20090912d1973 m y0rusy50 ca
|
| 101 |
0 |
|
|a rus
|
| 102 |
|
|
|a RU
|
| 105 |
|
|
|a a z 001zy
|
| 200 |
1 |
|
|a Полупроводниковые детекторы в дозиметрии ионизирующих излучений
|f под ред. В. К. Ляпидевского
|
| 210 |
|
|
|a Москва
|c Атомиздат
|d 1973
|
| 215 |
|
|
|a 180 с.
|c ил.
|
| 320 |
|
|
|a Библиогр.: с. 168-177.
|
| 610 |
1 |
|
|a полупроводниковые детекторы
|
| 610 |
1 |
|
|a ионизирующие излучения
|
| 610 |
1 |
|
|a дозиметрия
|
| 610 |
1 |
|
|a характеристики
|
| 610 |
1 |
|
|a физические процессы
|
| 610 |
1 |
|
|a методы
|
| 675 |
|
|
|a 539.1.074.5
|v 3
|
| 702 |
|
1 |
|a Ляпидевский
|b В. К.
|g Виктор Константинович
|4 340
|
| 801 |
|
1 |
|a RU
|b 63413507
|c 20090912
|
| 801 |
|
2 |
|a RU
|b 63413507
|c 20100226
|g RCR
|
| 942 |
|
|
|c BK
|